|
|
|
|
| LEADER |
00000cam a2200000 7i4500 |
| 001 |
0000054132 |
| 005 |
20220105104201.0 |
| 008 |
151102 |
| 020 |
|
|
|a 9788180221576
|
| 090 |
0 |
0 |
|a JP
|b SC ENG
|
| 245 |
1 |
0 |
|a Grandpa tell me about...!! :
|b save trees
|
| 260 |
|
|
|a [s.l] :
|b Priority Publications ,
|c 2013
|
| 490 |
0 |
|
|a Grandpa tell me about...!!
|
| 500 |
|
|
|a Children age 4-6 years old (yellow)
|
| 650 |
|
0 |
|a Science fiction
|
| 999 |
|
|
|a 0001362978
|b Book
|c Children Collection
|e Perbadanan Perpustakaan Awam Johor
|
| 999 |
|
|
|a 0001362979
|b Book
|c Children Collection
|e Cawangan Urban Transformation Centre
|
| 999 |
|
|
|a 0001362980
|b Book
|c Children Collection
|e Cawangan AEON Kulaijaya
|
| 999 |
|
|
|a 0001363518
|b Book
|c Children Collection
|e Cawangan Taman Universiti
|
| 999 |
|
|
|a 0001363519
|b Book
|c Children Collection
|e Cawangan Taman Sri Lambak
|
| 999 |
|
|
|a 0001363520
|b Book
|c Children Collection
|e Cawangan Bandar Penawar
|
| 999 |
|
|
|a 0001363521
|b Book
|c Children Collection
|e Cawangan Bandar Tenggara
|
| 999 |
|
|
|a 0001363522
|b Book
|c Children Collection
|e Cawangan Mersing
|
| 999 |
|
|
|a 0001363523
|b Book
|c Banned Items
|e Cawangan Kota Tinggi
|
| 999 |
|
|
|a 0001363524
|b Book
|c Children Collection
|e Cawangan Bukit Gambir
|
| 999 |
|
|
|a 0001363525
|b Book
|c Children Collection
|e Cawangan Sri Merlong
|
| 999 |
|
|
|a 0001363526
|b Book
|c Children Collection
|e Cawangan Pontian
|
| 999 |
|
|
|a 0001363527
|b Book
|c Children Collection
|e Cawangan Tangkak
|
| 999 |
|
|
|a 0001363528
|b Book
|c Children Collection
|e Cawangan Muar
|
| 999 |
|
|
|a 0001363529
|b Book
|c Children Collection
|e Cawangan Batu Pahat
|
| 999 |
|
|
|a 0001363530
|b Book
|c Children Collection
|e Cawangan Tmn. Ungku Tun Aminah
|
| 999 |
|
|
|a 0001363531
|b Book
|c Children Collection
|e Cawangan Segamat
|